000 02105nam a2200433 c 4500
003 BLK
005 20180420223411.0
008 180408b bul|||||r ||||||| ||bul||
010 _aKNG00070178000
020 _a954-9801-12-8
_bиздат.: Нике-НТ-89
040 _aBLK
041 _aBUL
_cBUL
072 7 _2bullib
_aЕ
_xКартотека "Европейски съюз"
080 _aСпециални отрасли на правото. Отрасли на правото със смесен характер
_b349
_x(497.2:4)
_z349(497.2:4)
080 _aРегионални обединения на държавите. ЕС(правни аспекти), Европейска общност за въглища и стомана и др.
_b341.17
_x(4)
_z341.17(4)
100 1 _aПенчев, Георги Петров
_eпърви автор
_9255891
139 _aПенчев, Георги Петров
_bП 36
245 1 0 _aСближаване на българското с европейското право по опазване на околната среда в нейната цялост
_cГеорги Петров Пенчев.
257 _aBGR
260 София
_bНике-НТ-89
_c2006
300 _a191 с.
_c20 см
380 _a3
500 _aРез. на рус., англ. ез. - Библиогр. с. 145-150
504 _a145-150
650 4 _aЗаконодателство - България - интеграционни процеси с Европейския съюз
_9292676
650 4 _aОколна среда - опазване - правни проблеми
_9281981
650 4 _aЕвропейски съюз - правни проблеми
_9248178
653 _aоколна среда
653 _aопазване на околната среда
653 _aправни проблеми
653 _aЕвропейски съюз
653 _aБългария
659 _aЕ
852 _aЦб 230535
856 4 _qpdf
_u
856 4 _qpdf
_u
942 _cKNG
_n0
944 _aCR
_c20.12.2006
_kГеновева_Генчева
944 _aED
_c09.07.2007
_k
999 _c65896
_d65896